[Event "Santiago magistral 3rd"]
[Site "Santiago de Chile"]
[Date "1996.??.??"]
[Round "?"]
[White "Pierrot, Juan Facundo"]
[Black "Olivieri, Martin"]
[Result "1-0"]
[WhiteElo "2400"]
[BlackElo "2250"]
[PlyCount "46"]
[EventDate "1996.??.??"]
[EventType "tourn"]
[EventRounds "14"]
[EventCountry "CHI"]
[EventCategory "4"]
[SourceTitle "EXT 2001"]
[Source "ChessBase"]
[SourceDate "2000.11.22"]
[SourceVersion "1"]
[SourceVersionDate "2000.11.22"]
[SourceQuality "1"]

1. e4 e5 2. Nf3 Nc6 3. Bb5 a6 4. Ba4 Nf6 5. 0-0 Nxe4 6. d4 b5 7. Bb3 d5 8. dxe5 Be6 9. c3 Be7 10. Nbd2 Nc5 11. Bc2 d4 12. Nb3 dxc3 13. Nxc5 Bxc5 14. Be4 Qxd1 15. Rxd1 Bd7 16. bxc3 0-0-0 17. a4 bxa4 18. Bg5 Ne7 19. Rdb1 Bb5 20. c4 Be8 21. Bb7+ Kb8 22. Bxa6+ Ka7 23. Bb5 a3 1-0

[Event "Santiago magistral 3rd"]
[Site "Santiago de Chile"]
[Date "1996.??.??"]
[Round "?"]
[White "Scarella, Enrique Alejandro"]
[Black "Olivieri, Martin"]
[Result "1/2-1/2"]
[WhiteElo "2330"]
[BlackElo "2250"]
[PlyCount "76"]
[EventDate "1996.??.??"]
[EventType "tourn"]
[EventRounds "14"]
[EventCountry "CHI"]
[EventCategory "4"]
[SourceTitle "EXT 2001"]
[Source "ChessBase"]
[SourceDate "2000.11.22"]
[SourceVersion "1"]
[SourceVersionDate "2000.11.22"]
[SourceQuality "1"]

1. Nf3 Nf6 2. c4 e6 3. g3 d5 4. Bg2 c6 5. d4 Nbd7 6. Qc2 Be7 7. 0-0 0-0 8. b3 dxc4 9. Qxc4 Ne4 10. Bb2 Qa5 11. Qc2 Nd6 12. Nbd2 Qh5 13. Rac1 a5 14. a4 Nb8 15. e4 Na6 16. Ba3 Nb4 17. Bxb4 axb4 18. Nc4 Nxc4 19. Qxc4 Rd8 20. Ne5 f6 21. Nd3 b5 22. axb5 Qxb5 23. Qxb5 cxb5 24. Nf4 Rxd4 25. e5 Rb8 26. exf6 gxf6 27. Rfe1 e5 28. Nd5 Bd8 29. Rc6 Kg7 30. Ra1 Bb7 31. Rc5 Ra8 32. Rac1 Bxd5 33. Bxd5 Rb8 34. Bc6 Rd2 35. R1c2 Rxc2 36. Rxc2 Bb6 37. Kg2 Bd4 38. Be4 Bc3 1/2-1/2

[Event "Santiago magistral 3rd"]
[Site "Santiago de Chile"]
[Date "1996.??.??"]
[Round "?"]
[White "Toloza Soto, Pablo Alejandro"]
[Black "Olivieri, Martin"]
[Result "1-0"]
[WhiteElo "2395"]
[BlackElo "2250"]
[PlyCount "57"]
[EventDate "1996.??.??"]
[EventType "tourn"]
[EventRounds "14"]
[EventCountry "CHI"]
[EventCategory "4"]
[SourceTitle "EXT 2001"]
[Source "ChessBase"]
[SourceDate "2000.11.22"]
[SourceVersion "1"]
[SourceVersionDate "2000.11.22"]
[SourceQuality "1"]

1. e4 e5 2. Nf3 Nc6 3. d4 exd4 4. Nxd4 Nf6 5. Nxc6 bxc6 6. e5 Qe7 7. Qe2 Nd5 8. c4 Nb6 9. b3 Qe6 10. g3 a5 11. Bg2 a4 12. Bb2 Bb4+ 13. Nd2 0-0 14. Rc1 Ba6 15. 0-0 d5 16. Nf3 dxc4 17. Nd4 c3 18. Qe4 Qg6 19. Bxc3 Bxc3 20. Qxg6 hxg6 21. Rxc3 Bxf1 22. Kxf1 axb3 23. axb3 Ra1+ 24. Ke2 Rd8 25. Nxc6 Ra2+ 26. Ke3 Rd1 27. Nb4 Re1+ 28. Kf3 Rxe5 29. Nxa2 1-0

[Event "Lomas de Zamora op"]
[Site "Lomas de Zamora"]
[Date "1995.??.??"]
[Round "2"]
[White "Bianchi, Guillermo"]
[Black "Olivieri, Martin"]
[Result "1-0"]
[WhiteElo "2425"]
[BlackElo "2285"]
[PlyCount "49"]
[EventDate "1995.??.??"]
[EventType "swiss"]
[EventRounds "9"]
[EventCountry "ARG"]
[SourceTitle "EXT 2004"]
[Source "ChessBase"]
[SourceDate "2003.11.25"]
[SourceVersion "1"]
[SourceVersionDate "2003.11.25"]
[SourceQuality "1"]

1. e4 e5 2. Nf3 Nc6 3. Bc4 Bc5 4. b4 Bb6 5. c3 d6 6. a4 a6 7. d3 Be6 8. Na3 Nf6 9. 0-0 d5 10. exd5 Nxd5 11. Qb3 h6 12. Ra2 0-0 13. Re2 Nxc3 14. Qxc3 Bg4 15. Nc2 Bxf3 16. gxf3 Bd4 17. Qe1 Qh4 18. Re4 Qh5 19. Rg4 Kh8 20. b5 axb5 21. axb5 f5 22. Rg2 e4 23. bxc6 exf3 24. Qd1 Be5 25. Ne1 1-0

[Event "Buenos Aires Najdorf op"]
[Site "Buenos Aires"]
[Date "1993.??.??"]
[Round "8"]
[White "Filgueira, Hernan"]
[Black "Olivieri, Martin"]
[Result "1/2-1/2"]
[WhiteElo "2310"]
[BlackElo "2240"]
[PlyCount "31"]
[EventDate "1993.04.??"]
[EventType "swiss"]
[EventRounds "11"]
[EventCountry "ARG"]
[SourceTitle "TD"]
[Source "ChessBase"]
[SourceDate "1994.03.01"]
[SourceVersion "1"]
[SourceVersionDate "1994.03.01"]
[SourceQuality "1"]

1. d4 f5 2. Bg5 Nf6 3. Bxf6 exf6 4. e3 d5 5. c4 Bb4+ 6. Nc3 0-0 7. Bd3 Be6 8. cxd5 Bxd5 9. Nge2 g6 10. 0-0 Bf7 11. Rc1 c6 12. Bc2 Na6 13. Bb3 Qe7 14. Bxf7+ Qxf7 15. a3 Bd6 16. Qc2 1/2-1/2

[Event "Buenos Aires Najdorf op"]
[Site "Buenos Aires"]
[Date "1993.??.??"]
[Round "1"]
[White "Olivieri, Martin"]
[Black "Giaccio, Alfredo Gustavo"]
[Result "0-1"]
[WhiteElo "2240"]
[BlackElo "2360"]
[PlyCount "54"]
[EventDate "1993.04.??"]
[EventType "swiss"]
[EventRounds "11"]
[EventCountry "ARG"]
[SourceTitle "TD"]
[Source "ChessBase"]
[SourceDate "1994.03.01"]
[SourceVersion "1"]
[SourceVersionDate "1994.03.01"]
[SourceQuality "1"]

1. d4 d5 2. c4 e6 3. Nc3 c5 4. cxd5 exd5 5. Nf3 Nc6 6. g3 Nf6 7. Bg2 Be7 8. 0-0 0-0 9. b3 Bg4 10. Ne5 cxd4 11. Nxc6 bxc6 12. Qxd4 c5 13. Qd2 d4 14. Bxa8 Qxa8 15. Nd1 Bh3 16. f3 Bxf1 17. Kxf1 Nd5 18. Nb2 Ne3+ 19. Kg1 Re8 20. Qd3 Bf6 21. Bd2 Qc8 22. Rc1 Qh3 23. Bxe3 Rxe3 24. Qd1 Qe6 25. Rc2 g5 26. Nc4 d3 27. Rd2 Rxe2 0-1

[Event "Buenos Aires FMDA op-A"]
[Site "Buenos Aires"]
[Date "1992.??.??"]
[Round "9"]
[White "Juarez, Carlos Eleodoro"]
[Black "Olivieri, Martin"]
[Result "1-0"]
[WhiteElo "2370"]
[BlackElo "2210"]
[PlyCount "98"]
[EventDate "1992.??.??"]
[EventType "swiss"]
[EventRounds "11"]
[EventCountry "ARG"]
[SourceTitle "EXT 2003"]
[Source "ChessBase"]
[SourceDate "2002.11.25"]
[SourceVersion "1"]
[SourceVersionDate "2002.11.25"]
[SourceQuality "1"]

1. e4 e5 2. Nf3 Nc6 3. Bb5 a6 4. Ba4 Nf6 5. 0-0 b5 6. Bb3 Bb7 7. d3 Bc5 8. c3 Bb6 9. Qe2 Qe7 10. Be3 Bxe3 11. Qxe3 0-0 12. Nbd2 Rfe8 13. Rfe1 Rad8 14. d4 d5 15. dxe5 Nxe5 16. Nxe5 Qxe5 17. f4 d4 18. fxe5 dxe3 19. Nf3 Ng4 20. e6 fxe6 21. h3 Nf6 22. Ng5 Bxe4 23. Rxe3 Bd5 24. Nxe6 Rd6 25. Rae1 Re7 26. Kf2 a5 27. Ng5 Rxe3 28. Rxe3 h6 29. Ne4 Nxe4+ 30. Rxe4 a4 31. Bxd5+ Rxd5 32. Ke2 Kf7 33. a3 Kf6 34. Rb4 c6 35. Ke3 Ke5 36. Rg4 g5 37. c4 Rc5 38. Kd3 Rxc4 39. Rxc4 bxc4+ 40. Kxc4 Kf4 41. b3 axb3 42. Kxb3 Kg3 43. a4 Kxg2 44. a5 Kxh3 45. a6 g4 46. a7 g3 47. a8Q g2 48. Qc8+ Kg3 49. Qc7+ Kf2 1-0

[Event "Buenos Aires FMDA op-A"]
[Site "Buenos Aires"]
[Date "1992.??.??"]
[Round "3"]
[White "Scarella, Enrique Alejandro"]
[Black "Olivieri, Martin"]
[Result "0-1"]
[WhiteElo "2255"]
[BlackElo "2210"]
[PlyCount "56"]
[EventDate "1992.??.??"]
[EventType "swiss"]
[EventRounds "11"]
[EventCountry "ARG"]
[SourceTitle "EXT 2003"]
[Source "ChessBase"]
[SourceDate "2002.11.25"]
[SourceVersion "1"]
[SourceVersionDate "2002.11.25"]
[SourceQuality "1"]

1. d4 Nf6 2. Nf3 c5 3. d5 e6 4. Nc3 b5 5. dxe6 fxe6 6. e4 b4 7. e5 bxc3 8. exf6 Bb7 9. Bg5 gxf6 10. Ne5 fxg5 11. Qh5+ Ke7 12. Qxg5+ Ke8 13. Qh5+ Ke7 14. Qg5+ Ke8 15. Qh5+ Ke7 16. Rd1 Bd5 17. Be2 Qe8 18. Qg5+ Kd6 19. bxc3 Kc7 20. c4 Bb7 21. Bh5 Be7 22. Qg4 Qg8 23. Qf4 Qg5 24. Qxg5 Bxg5 25. 0-0 Bf6 26. Nd3 Rg8 27. g3 Be7 28. Ne5 Rg5 0-1

[Event "Mar del Plata op"]
[Site "Mar del Plata"]
[Date "1991.??.??"]
[Round "?"]
[White "Olivieri, Martin"]
[Black "Slipak, Sergio"]
[Result "1/2-1/2"]
[WhiteElo "2215"]
[BlackElo "2415"]
[PlyCount "75"]
[EventDate "1991.??.??"]
[EventType "swiss"]
[EventRounds "9"]
[EventCountry "ARG"]
[SourceTitle "EXT 1999"]
[Source "ChessBase"]
[SourceDate "1998.11.16"]
[SourceVersion "1"]
[SourceVersionDate "1998.11.16"]
[SourceQuality "1"]

1. e4 c6 2. d3 g6 3. Nf3 Bg7 4. Nc3 d5 5. Qe2 Nf6 6. g3 0-0 7. Bg2 dxe4 8. dxe4 b6 9. e5 Nd5 10. Ne4 Ba6 11. c4 Nb4 12. Bf1 Nd7 13. a3 Nd5 14. e6 fxe6 15. Neg5 Nc7 16. Bf4 e5 17. 0-0-0 exf4 18. Bh3 e6 19. Bxe6+ Nxe6 20. Qxe6+ Kh8 21. Rxd7 Qf6 22. Qxf6 Rxf6 23. Re1 h6 24. Ree7 hxg5 25. Rxg7 Re8 26. Rh7+ Kg8 27. Rdg7+ Kf8 28. Rxa7 Kg8 29. Rhg7+ Kh8 30. Rh7+ Kg8 31. Rhg7+ Kh8 32. g4 Bxc4 33. Rae7 Re6 34. Rh7+ Kg8 35. Rhg7+ Kh8 36. Rh7+ Kg8 37. Rhg7+ Kh8 38. Rh7+ 1/2-1/2

[Event "Buenos Aires GP"]
[Site "Buenos Aires"]
[Date "1990.??.??"]
[Round "3"]
[White "Olivieri, Martin"]
[Black "Bronstein, Luis Marcos"]
[Result "1-0"]
[WhiteElo "2270"]
[BlackElo "2390"]
[PlyCount "53"]
[EventDate "1990.??.??"]
[EventType "swiss"]
[EventRounds "9"]
[EventCountry "ARG"]
[SourceTitle "EXT 2004"]
[Source "ChessBase"]
[SourceDate "2003.11.25"]
[SourceVersion "1"]
[SourceVersionDate "2003.11.25"]
[SourceQuality "1"]

1. Nf3 Nf6 2. g3 g6 3. Bg2 Bg7 4. 0-0 0-0 5. d3 d5 6. Nc3 d4 7. Na4 Nd5 8. Bd2 Nb6 9. c4 Nxa4 10. Qxa4 Bd7 11. Qa3 e5 12. b4 Qe7 13. Qb3 h6 14. b5 c5 15. Nxe5 Qxe5 16. Bxb7 Na6 17. Bxa8 Rxa8 18. bxa6 Bc6 19. Rfe1 Rd8 20. Rab1 h5 21. Qd1 h4 22. Bf4 Qf5 23. Rb7 hxg3 24. hxg3 g5 25. Bc7 Qh3 26. f3 Rd7 27. Qd2 1-0

[Event "Buenos Aires FMDA"]
[Site "Buenos Aires"]
[Date "1990.??.??"]
[Round "3"]
[White "Olivieri, Martin"]
[Black "De Dovitiis, Alejo"]
[Result "0-1"]
[WhiteElo "2270"]
[BlackElo "2280"]
[PlyCount "66"]
[EventDate "1990.??.??"]
[EventType "swiss"]
[EventRounds "9"]
[EventCountry "ARG"]
[SourceTitle "EXT 1997"]
[Source "ChessBase"]
[SourceDate "1996.11.15"]
[SourceVersion "1"]
[SourceVersionDate "1996.11.15"]
[SourceQuality "1"]

1. e4 e6 2. d4 d5 3. Nc3 Bb4 4. e5 Qd7 5. Qg4 f5 6. Qg3 b6 7. Nh3 Ba6 8. Nf4 Bxf1 9. Kxf1 Nc6 10. Ncxd5 exd5 11. e6 Qd6 12. Qxg7 0-0-0 13. Qxh8 Qe7 14. Nxd5 Qxe6 15. Nxb4 Nxb4 16. Bg5 Re8 17. f3 Qe2+ 18. Kg1 Nxc2 19. Qxh7 Nxa1 20. Qxf5+ Kb8 21. h4 Nc2 22. Kh2 Nxd4 23. Qf7 Rc8 24. Qd5 Ne6 25. Rc1 Nxg5 26. Qxg5 Ne7 27. Qf4 Qf2 28. Qe4 Rg8 29. f4 Nf5 30. Rc2 Qg3+ 31. Kg1 Rd8 32. Rc1 Nxh4 33. a4 Nxg2 0-1